<?xml version="1.0" encoding="UTF-8"?>
<record
    xmlns:xsi="http://www.w3.org/2001/XMLSchema-instance"
    xsi:schemaLocation="http://www.loc.gov/MARC21/slim http://www.loc.gov/standards/marcxml/schema/MARC21slim.xsd"
    xmlns="http://www.loc.gov/MARC21/slim">

  <leader>01045cam a22002531  4500</leader>
  <controlfield tag="001">it 01000261 </controlfield>
  <controlfield tag="003">DLC</controlfield>
  <controlfield tag="005">20260227111518.0</controlfield>
  <controlfield tag="008">941022s1882    it            000 0 ita  </controlfield>
  <datafield tag="010" ind1=" " ind2=" ">
    <subfield code="a">it 01000261 </subfield>
  </datafield>
  <datafield tag="035" ind1=" " ind2=" ">
    <subfield code="a">(OCoLC)31328071</subfield>
  </datafield>
  <datafield tag="040" ind1=" " ind2=" ">
    <subfield code="a">DLC</subfield>
    <subfield code="c">IEN</subfield>
    <subfield code="d">DLC</subfield>
  </datafield>
  <datafield tag="042" ind1=" " ind2=" ">
    <subfield code="a">premarc</subfield>
  </datafield>
  <datafield tag="050" ind1="0" ind2="0">
    <subfield code="a">AS222</subfield>
    <subfield code="b">.F5 no. 13</subfield>
  </datafield>
  <datafield tag="100" ind1="1" ind2=" ">
    <subfield code="a">Scaduto, Francesco,</subfield>
    <subfield code="d">1859-</subfield>
  </datafield>
  <datafield tag="245" ind1="1" ind2="0">
    <subfield code="a">Stato e chiesa negli scritti politici dalla fine della lotta per le investiture sino alla morte di Lucovico il Bavaro &lt;1122-1347&gt;;</subfield>
    <subfield code="c">studio storico di Francesco Scaduto ...</subfield>
  </datafield>
  <datafield tag="260" ind1=" " ind2=" ">
    <subfield code="a">Firenze,</subfield>
    <subfield code="b">Coi tipi dei successori Le Monnier,</subfield>
    <subfield code="c">1882.</subfield>
  </datafield>
  <datafield tag="300" ind1=" " ind2=" ">
    <subfield code="a">iv, 148 p., 2 l.</subfield>
    <subfield code="c">27 cm.</subfield>
  </datafield>
  <datafield tag="490" ind1="1" ind2=" ">
    <subfield code="a">Pubblicazioni del R. Istituto di studi superiori pratici e di perfezionamento in Firenze. Sezione di filosofia e filologia</subfield>
    <subfield code="v">[no. 13]</subfield>
  </datafield>
  <datafield tag="500" ind1=" " ind2=" ">
    <subfield code="a">Series note also on verso of t.-p.</subfield>
  </datafield>
  <datafield tag="650" ind1=" " ind2="0">
    <subfield code="a">Church and state.</subfield>
  </datafield>
  <datafield tag="651" ind1=" " ind2="0">
    <subfield code="a">Europe</subfield>
    <subfield code="x">History</subfield>
    <subfield code="y">476-1492.</subfield>
  </datafield>
  <datafield tag="810" ind1="2" ind2=" ">
    <subfield code="a">Universit&#xE0; di Firenze.</subfield>
    <subfield code="b">Facolt&#xE0; di lettere e filosofia.</subfield>
    <subfield code="t">Pubblicazioni ;</subfield>
    <subfield code="v">no. 13.</subfield>
  </datafield>
  <datafield tag="999" ind1=" " ind2=" ">
    <subfield code="c">34860</subfield>
    <subfield code="d">34860</subfield>
  </datafield>
</record>
